000 004460000a22001690004500
041 0 _aENG
082 0 4 _aG 361.3 W2141c
100 1 _aWallis, J. H.
245 1 0 _aCounselling and social welfare / J. H. Wallis
260 _aLondon, Great Britain : Routledge and Kegan Paul
300 _a146 Pag
001 9750
942 _cBK
999 _c39604
_d39604
336 _atexto
_btxt
_2rdacontent
337 _2rdamedia
_asin mediación
_bn
338 _2rdacarrier
_avolumen
_bnc